Statistics for Countries With Most Golds In Commonwealth 2018

Click here to take the quiz!

General Stats

  • This quiz has been taken 46 times
  • The average score is 7 of 10

Answer Stats

HintAnswer% Correct
Gold15Canada
95%
Gold80Australia
93%
Gold45England
91%
Gold26India
86%
Gold15New Zealand
86%
Gold13South Africa
73%
Gold9Scotland{}
57%
Gold10Wales{}
57%
Gold9Nigeria
52%
Gold8Cyprus
20%

Score Distribution

Percentile by Number Answered

Percent of People with Each Score

Your Score History

You have not taken this quiz